Trebišovský potravinár

Bibliographic Details
Format: Journal
Language:Slovak
PhysicalDescription:13 zv. 29-46 cm
Published: Trebišov ZS ROH Potravinárskeho kombinátu 1952-1964
Trebišov ZO KSS, pri Potravinárskom kombináte.
Trebišov ZO KSS a ZV ROH a podnikové riaditeľstvo Potravinárskeho kombinátu
Subjects:

MARC

LEADER 00000cas a2200000 a 4500
001 vtls010299924
003 SK-MaSNL
005 20260228161700.0
008 110810d19521964xo sr|p 0 b0slo
040 |a SNK  |b slo  |c SNK  |e AACR2 
041 0 |a slo 
044 |a xo  |c SK 
072 7 |a 663  |x Priemysel nápojov. Kvasný priemysel. Priemysel pochutín  |2 konspekt 
072 7 |a 664  |x Potravinársky priemysel  |2 konspekt 
080 |a 664  |2 2001 
080 |a 050  |2 2001 
080 |a 663  |2 2001 
245 0 0 |a Trebišovský potravinár 
260 |a Trebišov  |b ZS ROH Potravinárskeho kombinátu  |c 1952-1964 
260 2 |3 2/1956-5/1960  |a Trebišov  |b ZO KSS, pri Potravinárskom kombináte. 
260 3 |3 1/1961-12/1964  |a Trebišov  |b ZO KSS a ZV ROH a podnikové riaditeľstvo Potravinárskeho kombinátu 
300 |a 13 zv.  |c 29-46 cm 
310 |a 2x mesačne  |b 13/1952-12/1964 
321 |a 1x mesašne  |b 1/1952-12/1952 
362 0 |a Roč. I, č. 1 (15.1.1952)-roč. XIV, č. 12 (1964) 
500 |a Podnázov v tiráži: orgán ZR ROH pri Potravinárskom kombináte v Trebišove, od č. 2/(28. febr. 1956): orgán ZO KSS, ZV ROH a podnikového riaditeľstva pri Potravinárskom kombináte, n. p. v Trebišove 
500 |a Vyd. ZS ROH Potravinárskeho kombinátu, n. p. Trebišov, od 2/VI (28. febr. 1956) ZO KSS, pri Potravinárskom kombináte, n. p. Trebišov, od 1/XI (1961) ZO KSS a ZV ROH a podnikové riaditeľstvo 
500 |a Tlač. Tlačiarenské závody Pravda, n. p. záv. Košice, od 1/III (31. jan. 1953) Košické tlačiarne, n. p., zákl. záv. Košice, od 1/IX (15. jan. 1959) Východoslov. tlačiarne, n. p., záv. Košice 
500 |a Vydávanie povolené PIO č. 21786/51-II/3 
500 |a V roku 1952 je od č. 13 uvádzaný roč. 2 
500 |a Redaktori sa menia 
610 2 7 |a Potravinársky kombinát Trebišov  |2 SNKKA  |9 237864 
650 0 7 |a potravinársky priemysel  |2 SNKPH  |9 974 
655 7 |a podnikové časopisy  |2 SNKPH  |9 265225 
910 |a snk 
916 |a 1952-1964 
999 |c 5901  |d 7831 
952 |0 0  |1 0  |4 0  |7 0  |a SNK  |b SNK  |d 2015-08-04  |f 1  |i snk439/53  |l 0  |o snkČSB 673/1/1952  |p 17A0722300  |r 2026-02-21 19:45:34  |t č. 1-17  |w 2026-02-21  |y PREZ 
952 |0 0  |1 0  |4 0  |7 0  |a SNK  |b SNK  |d 2015-08-04  |f 1  |i snk349/54  |l 0  |o snkČSB 673/3/1953  |p 17A0722298  |r 2026-02-21 19:45:34  |t č. 1-21  |w 2026-02-21  |y PREZ 
952 |0 0  |1 0  |4 0  |7 0  |a SNK  |b SNK  |d 2015-08-04  |f 1  |i snkII. 1551/55  |l 0  |o snkČSB 673/4/1954  |p 17A0722297  |r 2026-02-21 19:45:34  |t č. 1-18  |w 2026-02-21  |y PREZ 
952 |0 0  |1 0  |4 0  |7 0  |a SNK  |b SNK  |d 2015-08-04  |f 1  |i snkČSP 518/56  |l 0  |o snkČSB 673/5/1955  |p 17A0722299  |r 2026-02-21 19:45:34  |t č. 1-7  |w 2026-02-21  |y PREZ 
952 |0 0  |1 0  |4 0  |7 0  |a SNK  |b SNK  |d 2015-08-04  |f 1  |i snkČSP 1040/58  |l 0  |o snkČSB 673/6/1956  |p 17A0722295  |r 2026-02-21 19:45:34  |t č. 1-11  |w 2026-02-21  |y PREZ 
952 |0 0  |1 0  |4 0  |7 0  |a SNK  |b SNK  |d 2015-08-04  |f 1  |i snkČSP 749/58  |l 0  |o snkČSB 673/7/1957  |p 17A0722296  |r 2026-02-21 19:45:34  |t č. 1-23  |w 2026-02-21  |y PREZ 
952 |0 0  |1 0  |4 0  |7 0  |a SNK  |b SNK  |d 2015-08-05  |f 1  |i snkČSP 768/59  |l 0  |o snkČSB 673/8/1958  |p 17A0722294  |r 2026-02-21 19:45:57  |t č. 1-22  |w 2026-02-21  |y PREZ 
952 |0 0  |1 0  |4 0  |7 0  |a SNK  |b SNK  |d 2015-08-05  |f 1  |i snkČSP 1211/61  |l 0  |o snkČSB 673/9/1959  |p 17A0722293  |r 2026-02-21 19:45:57  |t č. 1-24, neúplné  |w 2026-02-21  |y PREZ  |z chýba č. 14-24 
952 |0 0  |1 0  |4 0  |7 0  |a SNK  |b SNK  |d 2015-08-05  |f 1  |i snkČSP 288/63  |l 0  |o snkČSB 673/10/1960  |p 17A0722292  |r 2026-02-21 19:45:57  |t č. 1-5, neúplné  |w 2026-02-21  |y PREZ  |z chýba č. 2 
952 |0 0  |1 0  |4 0  |7 0  |a SNK  |b SNK  |d 2015-08-05  |f 1  |i snkČSP 35/63  |l 0  |o snkČSB 673/11/1961  |p 17A0722291  |r 2026-02-21 19:45:57  |t č. 1-18  |w 2026-02-21  |y PREZ 
952 |0 0  |1 0  |4 0  |7 0  |a SNK  |b SNK  |d 2015-08-05  |f 1  |i snkČSP 360/63  |l 0  |o snkČSB 673/12/1962  |p 17A0722290  |r 2026-02-21 19:45:57  |t č. 1-17 + mim.č.  |w 2026-02-21  |y PREZ 
952 |0 0  |1 0  |4 0  |7 0  |a SNK  |b SNK  |d 2015-08-05  |f 1  |i snkČSP 765/64  |l 0  |o snkČSB 673/13/1963  |p 17A0722289  |r 2026-02-21 19:46:03  |t č. 1-12  |w 2026-02-21  |y PREZ 
952 |0 0  |1 0  |4 0  |7 0  |a SNK  |b SNK  |d 2015-08-05  |f 1  |i snkČSP 710/65  |l 0  |o snkČSB 673/14/1964  |p 17A0722288  |r 2026-02-21 19:46:03  |t č. 1-12  |w 2026-02-21  |y PREZ 
952 |0 0  |1 0  |4 0  |7 0  |8 5  |a SNK  |b SNK  |d 2012-04-19  |i snkXI. 23892/55  |l 0  |o snkČSB 673/1/1952 D1  |p 17A0887850  |r 2026-02-21 20:30:07  |t č. 1-17  |w 2026-02-21  |y PREZ